Jurassic Park - Character Professions - Statistics

General Stats
  • This quiz has been taken 66 times
  • The average score is 7 of 14
Answer Stats
Character Answer % Correct
Alan Grant Palaeontologist
93%
Donald Gennaro Lawyer
80%
Ian Malcolm Mathematician/Chaotician
75%
Ellie Sattler Palaeobotanist
75%
John Hammond CEO
66%
Robert Muldoon Game warden
52%
Henry Wu Geneticist
48%
Dennis Nedry Computer programmer
46%
Gerry Harding Veterinarian
43%
Juanito Rostagno Miner
30%
Ray Arnold Engineer
25%
Alejandro Chef
21%
Jophery Brown Gatekeeper
16%
Lewis Dodgson Agent/Researcher
5%
No matching quizzes found
Score Distribution
Percent of People with Each Score
Percentile by Number Answered
Your Score History
You have not taken this quiz